000 00474nam a2200169Ia 4500
008 180921t2016 xxu||||| |||| 00| 0 sin d
041 _asin
080 _a294.3
_bKAN
100 _aKandepola,Gaminie
245 _aබුදු දහමය් ගැමි දිවියයි
246 _aBudu Dahamai Gemi Diwiyai
260 _bSahitha Poth Piyasa
_aMaharagama
_c2016
300 _b77p, 21cm
942 _cBK
999 _c2875
_d2875
003 LK-CoDNM
040 _aLK-CoDNM
_dLK-CoDNM
_eLK-CoDNM